000 00219nam a22001217a 4500
040 _cSK
082 _a551
100 _aROBERT G.
245 _aLimnology
260 _aLONDON
_bROB
_c1981
300 _a743p.
942 _cEK
999 _c8631
_d8631